[Event "SC-2012-0-00159"]
[Site "LSS email"]
[Date "2012.10.16"]
[Round "?"]
[White "Hall, Dick"]
[Black "Bascetta, Biagio J"]
[Result "1/2-1/2"]
[WhiteElo "1719"]
[BlackElo "1782"]
[PlyCount "153"]
[EventDate "2012.09.03"]
[EventType "tourn (corr)"]
[EventRounds "6"]
[EventCountry "GER"]
[SourceTitle "Telechess CBM 163"]
[Source "ChessBase"]
[SourceDate "2014.11.11"]
[SourceVersion "2"]
[SourceVersionDate "2014.11.11"]
[SourceQuality "1"]

1. d4 Nf6 2. c4 e6 3. Nc3 Bb4 4. e3 0-0 5. Bd3 d5 6. Nf3 c5 7. 0-0 dxc4 8. Bxc4 Nbd7 9. Qe2 b6 10. Rd1 cxd4 11. exd4 Bb7 12. d5 e5 13. Bg5 Bxc3 14. bxc3 Rc8 15. Bb5 e4 16. Nd4 Ne5 17. Nf5 Rc5 18. Ng3 Rxd5 19. Nxe4 Neg4 20. Nxf6+ Nxf6 21. c4 Rd6 22. Rxd6 Qxd6 23. Rd1 Qe6 24. Qxe6 fxe6 25. f3 Kf7 26. Rd6 Rc8 27. Kf2 h6 28. Bd2 e5 29. Bc3 Rc5 30. a4 Ke7 31. Rd2 Kf7 32. Rd8 a6 33. Rb8 Bxf3 34. Bxa6 Nd7 35. Rd8 Bg4 36. Bb4 Rc7 37. Bb5 Bf5 38. Ke3 Ra7 39. g3 Nf6 40. Rf8+ Kg6 41. Rb8 Bc2 42. Rxb6 Bxa4 43. Ra6 Rxa6 44. Bxa6 Bc6 45. Bb5 Ba8 46. Kd3 Bg2 47. Ke2 Kf7 48. Kf2 Ba8 49. c5 Nd5 50. Ba3 Ke6 51. c6 h5 52. h4 Kf7 53. Ke1 Ke6 54. Kf2 Kf7 55. Ke1 Ke6 56. Ba4 e4 57. Bf8 g6 58. Kf2 Ke5 59. Ba3 Ke6 60. Bf8 Ke5 61. Bc5 Ke6 62. Ba7 Ke7 63. Bb8 e3+ 64. Kf1 Nb4 65. c7 Bb7 66. Ke2 Nd5 67. Ke1 Ba6 68. Bc6 Ke6 69. Be8 Kf6 70. Bd7 Nb6 71. Bh3 Nc8 72. Bxc8 Bxc8 73. Ke2 Ke7 74. Kxe3 Kd7 75. Kf4 Bb7 76. Kg5 Be4 77. Kf6 1/2-1/2

[Event "SC-2012-0-00154"]
[Site "LSS email"]
[Date "2012.08.21"]
[Round "?"]
[White "Bascetta, Biagio J"]
[Black "Kiryushin, Anatoly"]
[Result "1/2-1/2"]
[WhiteElo "1764"]
[BlackElo "1825"]
[PlyCount "40"]
[EventDate "2012.07.16"]
[EventType "tourn (corr)"]
[EventRounds "6"]
[EventCountry "GER"]
[SourceTitle "Telechess CBM 161"]
[Source "ChessBase"]
[SourceDate "2014.07.16"]
[SourceVersion "1"]
[SourceVersionDate "2014.07.16"]
[SourceQuality "1"]

1. e4 c5 2. Nf3 d6 3. d4 cxd4 4. Nxd4 Nf6 5. Nc3 a6 6. Be3 e5 7. Nb3 Be6 8. f3 Nbd7 9. Qd2 b5 10. 0-0-0 Be7 11. g4 0-0 12. g5 b4 13. Ne2 Ne8 14. f4 g6 15. Kb1 a5 16. h4 Qc7 17. h5 a4 18. Nbc1 Nc5 19. Bg2 b3 20. a3 exf4 1/2-1/2

[Event "SC-2012-0-00152"]
[Site "LSS email"]
[Date "2012.08.02"]
[Round "?"]
[White "Bascetta, Biagio J"]
[Black "Laffont, Jose Eduardo Alfred"]
[Result "1/2-1/2"]
[WhiteElo "1754"]
[BlackElo "1559"]
[PlyCount "43"]
[EventDate "2012.06.24"]
[EventType "tourn (corr)"]
[EventRounds "6"]
[EventCountry "GER"]
[SourceTitle "Telechess CBM 159"]
[Source "ChessBase"]
[SourceDate "2014.03.17"]
[SourceVersion "1"]
[SourceVersionDate "2014.03.17"]
[SourceQuality "1"]
[BlackTeam "IWEC (Canada)"]

1. g3 Nf6 2. Bg2 d5 3. Nf3 Bf5 4. 0-0 e6 5. d3 Bc5 6. c3 0-0 7. Nbd2 h6 8. Nb3 Bb6 9. Bf4 Nbd7 10. c4 dxc4 11. dxc4 Qe7 12. Nfd4 Be4 13. Bxe4 Nxe4 14. Qc2 Nef6 15. Rac1 Rfd8 16. Nf3 c5 17. Ne5 Nh5 18. Nxd7 Rxd7 19. Be5 Rad8 20. Rcd1 Nf6 21. Rxd7 Rxd7 22. h3 1/2-1/2

[Event "SC-2012-0-00150"]
[Site "LSS email"]
[Date "2012.07.17"]
[Round "?"]
[White "Bascetta, Biagio J"]
[Black "Thomas, Gerald K"]
[Result "1/2-1/2"]
[WhiteElo "1761"]
[BlackElo "1663"]
[PlyCount "50"]
[EventDate "2012.05.29"]
[EventType "tourn (corr)"]
[EventRounds "6"]
[EventCountry "GER"]
[SourceTitle "Telechess CBM 159"]
[Source "ChessBase"]
[SourceDate "2014.03.17"]
[SourceVersion "1"]
[SourceVersionDate "2014.03.17"]
[SourceQuality "1"]

1. e4 e6 2. d4 d5 3. Nc3 Nf6 4. e5 Nfd7 5. f4 c5 6. Nf3 Nc6 7. Be3 a6 8. Qd2 b5 9. a3 Qb6 10. Ne2 c4 11. g4 Qc7 12. f5 Nb6 13. Ng3 c3 14. Qxc3 Na4 15. Qd2 Nxb2 16. Be2 Na5 17. 0-0 Nac4 18. Qc1 h6 19. Bd2 Nxd2 20. Qxd2 Bd7 21. Rab1 Na4 22. Rb3 0-0-0 23. Nh4 Be7 24. Ng2 Rdf8 25. Bd3 Qb6 1/2-1/2